Normal view
MARC view
- سعيفان، محمود محمد
Entry Personal Name
001 - CONTROL NUMBER
- control field: 25282
003 - CONTROL NUMBER IDENTIFIER
- control field: JO-AjAnu
005 - DATE AND TIME OF LATEST TRANSACTION
- control field: 20230606074325.0
008 - FIXED-LENGTH DATA ELEMENTS
- fixed length control field: 230606|| aca||aabn | a|a d
040 ## - CATALOGING SOURCE
- Original cataloging agency: JO-AjAnu
- Transcribing agency: JO-AjAnu
100 ## - HEADING--PERSONAL NAME
- Personal name: سعيفان، محمود محمد
670 ## - SOURCE DATA FOUND
- Source citation: Work cat.: (JO-AjAnu)13003: سعيفان، محمود محمد, author, تحليل وتقييم دور البنوك في مكافحة عمليات غسيل الاموال